Anecdotario del Centro Bohemio /
Compilación de anécdotas de José Guadalupe Zuno acerca del Centro Bohemio de Guadalajara, lugar en donde se reunían los artistas y escritores sobresalientes de la primera mitad del siglo XX. El Centro Bohemio tuvo un papel central en la definición e impulso a políticas y actividades culturales en la...
Na minha lista:
| Autor principal: | |
|---|---|
| Formato: | Livro |
| Idioma: | espanhol |
| Assuntos: | |
| Tags: |
Sem tags, seja o primeiro a adicionar uma tag!
|
MARC
| LEADER | 00000nam^a2200000^a^4500 | ||
|---|---|---|---|
| 001 | 000136309 | ||
| 005 | 20250521000000.0 | ||
| 009 | 20260310095315.553 | ||
| 037 | |a Acervo ITESO - Biblioteca | ||
| 041 | |a ESP | ||
| 082 | |a 709. 72352 |b ZUN | ||
| 100 | |a Zuno Hernández, José Guadalupe |e (autor) | ||
| 245 | 1 | 0 | |a Anecdotario del Centro Bohemio / |c J.G. Zuno Hernández. |
| 264 | |a Guadalajara, México : |b Pedro Rodríguez Lomelí, |c 1964 | ||
| 300 | |a III, 79, [67] p. | ||
| 336 | |a texto |b txt |2 rdacontenido | ||
| 337 | |a sin mediación |b n |2 rdamedio | ||
| 338 | |a volumen |b nc |2 rdasoporte | ||
| 520 | |a Compilación de anécdotas de José Guadalupe Zuno acerca del Centro Bohemio de Guadalajara, lugar en donde se reunían los artistas y escritores sobresalientes de la primera mitad del siglo XX. El Centro Bohemio tuvo un papel central en la definición e impulso a políticas y actividades culturales en la ciudad, y se aglutinó en torno a figuras como David Alfaro Siqueiros, José Clemente Orozco, Diego Rivera, José Ceballos, Salvador y Mariano Azuela, el Dr. Atl, y al propio autor del libro, entre otros. | ||
| 649 | |a XX | ||
| 650 | |a Centros Culturales - |z Guadalajara, Jalisco - |x Historia | ||
| 650 | |a Cultura - |z Guadalajara, Jalisco - |x Historia | ||
| 650 | |a Arte Jalisciense - |x Historia y Crítica | ||
| 650 | |a Arte Mexicano - |x Historia y Crítica | ||
| 650 | |a Literatura Jalisciense - |x Historia y Crítica | ||
| 650 | |a Literatura Mexicana - |x Historia y Crítica | ||
| 650 | |a Guadalajara, Jalisco - |x Condiciones Sociales y Culturales | ||
| 650 | |a Guadalajara, Jalisco - |x Historia - |y 1910-1946 | ||
| 650 | |a México - |x Condiciones Sociales y Culturales | ||
| 650 | |a México - |x Historia - |y 1910-1946 | ||
| 910 | |a Fondo Salvador Reynoso Reynoso | ||
| 920 | |a Impresos - Libros | ||
| 930 | |a Fondos Especiales | ||
| 905 | |a 112 | ||
| 901 | |a 0800013838 |b IT2 |c ESP |u 20250521 | ||
| 901 | |a 0800013943 |b IT2 |c ESP |u 20250521 | ||
| 902 | |a https://opac.biblio.iteso.mx/vufind/Record/000136309 | ||